000 00243nam a22000977a 4500
999 _c11318
_d11318
008 190219b ||||| |||| 00| 0 eng d
020 _a9780713635751
100 _aGummerson Tony
_97059
245 _aSports Coaching and Teaching
260 _aLondon